Teknik berkesan mengarang karangan terbaik UPSR SJK (C)

Bibliographic Details
Main Author: Mohd Hazlan
Format: Book
Published: Shah Alam : SNP Panpac (M) Sdn. Bhd. , 2004
Subjects:

MARC

LEADER 00000cam a2200000 7i4500
001 0000083023
005 20040616.0
020 |a 9676011614 
090 0 0 |a 499.28   |b MOH 
100 0 |a Mohd Hazlan 
245 1 0 |a Teknik berkesan mengarang karangan terbaik UPSR SJK (C)   |c Mohd Hazlan 
260 |a Shah Alam :   |b SNP Panpac (M) Sdn. Bhd. ,   |c 2004 
300 |a 432p. ;   |c 18cm. 
650 0 0 |a Malay language   |x Composition   |x Chinese language   |x UPSR 
999 |a 00170847   |b BUKU   |c JUNIOR MANDARIN COLLECTION   |e PERPUSTAKAAN KOMUNITI PETALING JAYA